Alphabetical Anagrams - Euroasian Countries - Statistics

General Stats
  • This quiz has been taken 8 times
  • The average score is 12 of 12
Answer Stats
Hint Answer % Correct
ABELRSU Belarus
100%
AEGGIOR Georgia
100%
AAAHKKNSTZ Kazakhstan
100%
AIKTUW Kuwait
100%
AAAILMSY Malaysia
100%
ADLMOOV Moldova
100%
AELNP Nepal
100%
ANORWY Norway
100%
AINPS Spain
100%
EEMNY Yemen
100%
ADEKMNR Denmark
88%
ADEIINNOS Indonesia
75%
No matching quizzes found
Score Distribution
Percent of People with Each Score
Percentile by Number Answered
Your Score History
You have not taken this quiz